Szczegóły MARC21

"Cynegetica" Gracjusza Faliskusa czyli Polowania w czasach antycznych /

003 -Nazwa inst., której nr kontr. jest w polu 001 [,]
    • @
    • Nazwa instytucji, której n kontrolny jest w polu 001
    • NUKAT
005 -DATA I CZAS OSTATNIEJ MODYFIKACJI [,]
    • @
    • pole kontrolne
    • 20251118124745.0
020 -Międzynarod. znormalizowany nr książki - ISBN [ , ]
    • a
    • Numer ISBN
    • 9788322645420 Find
    • q
    • Dopowiedzenie
    • (oprawa miękka) :
    • c
    • Terms of availability
    • zł 24,90
024 -Inne numery identyfikacyjne – DOI [7, ]
    • a
    • Numer DOI
    • 10.31261/PN.4239
    • 2
    • Źródło numeru lub kodu
    • doi
040 -Instytucja sporządzająca opis [ , ]
    • a
    • Instytucja, która sporządziła opis (NP)
    • WAN
    • c
    • Instytucja, która sporządziła rekord (NP)
    • WAN
    • d
    • Instytucja, która zmodyfikowała rekord (P)
    • WA N
    • d
    • Instytucja, która zmodyfikowała rekord (P)
    • LUBL KUL
    • d
    • Instytucja, która zmodyfikowała rekord (P)
    • KAT U/MP
041 -Język dokumentu [1, ]
    • a
    • Język tekstu (P)
    • polski
    • a
    • Język tekstu (P)
    • łaciński
    • b
    • Język streszczeń lub abstraktu (P)
    • angielski
    • h
    • Język tekstu oryginalnego i/lub pośredniego (P)
    • łaciński
942 -Rodzaj dokumentu [ , ]
    • c
    • Rodzaj dokumentu
    • Książka
100 -Hasło główne - nazwa osobowa [1, ]
    • a
    • Nazwa osobowa (NP)
    • Gryksa-Pająk, Edyta.
    • e
    • Rodzaj współpracy
    • Autor
    • 9
    • KHW
    • 505262
245 -Strefa tytułu i oznaczenia odpowiedzialności [1,0]
    • a
    • Tytuł
    • "Cynegetica" Gracjusza Faliskusa czyli Polowania w czasach antycznych / Find
    • c
    • Pozostałe elementy strefy tytułu i oznaczenia odpowiedzialności (NP)
    • Edyta Gryksa-Pająk.
246 -Wariant tytułu [3,0]
    • a
    • Tytuł (NP)
    • Polowania w czasach antycznych
250 -Strefa wydania [ , ]
    • a
    • Oznaczenie wydania (NP)
    • Wydanie I.
260 -Strefa adresu wydawniczego [ , ]
    • a
    • Miejsce wydania (P)
    • Katowice :
    • b
    • Nazwa wydawcy (P)
    • Wydawnictwo Uniwersytetu Śląskiego,
    • c
    • Data wydania (P)
    • 2024.
300 -Strefa opisu fizycznego [ , ]
    • a
    • Określenie formy książki i/lub objętość (NP)
    • 145, [3] strony ;
    • c
    • Format (NP)
    • 21 cm.
336 -Typ zawartości [ , ]
    • a
    • Termin opisujący typ zawartości
    • Tekst
    • b
    • Kod określający zawartość
    • txt
    • 2
    • Źródło (terminu i kodu)
    • rdacontent
337 -Typ mediów [ , ]
    • a
    • Tryb odtwarzania
    • Bez urządzenia pośredniczącego
    • b
    • Kod typu mediów
    • n
    • 2
    • Źródło (terminu i kodu)
    • rdamedia
338 -Typ/rodzaj nośnika [ , ]
    • a
    • Hasło opisujące typ nośnika
    • Wolumin
    • b
    • Kod typu nośnika
    • nc
    • 2
    • Źródło (terminu i kodu)
    • rdacarrier
380 -Deskryptor - Forma dzieła (P) [ , ]
    • a
    • forma dzieła (NP)
    • Książki
380 -Deskryptor - Forma dzieła (P) [ , ]
    • a
    • forma dzieła (NP)
    • Poezja
380 -Deskryptor - Forma dzieła (P) [ , ]
    • a
    • forma dzieła (NP)
    • Publikacje naukowe
386 -Deskryptor - przynależność kulturowa (P) [ , ]
    • m
    • Wyrażenie wprowadzające (NP)
    • Przynależność kulturowa
    • a
    • Przynależność kulturowa (NP)
    • Literatura łacińska
388 -Deskryptor - czas powstania dzieła (P) [1, ]
    • a
    • Czas powstania dzieła (NP)
    • 100-1 p.n.e.
388 -Deskryptor - czas powstania dzieła (P) [1, ]
    • a
    • Czas powstania dzieła (NP)
    • 1-100
388 -Deskryptor - czas powstania dzieła (P) [1, ]
    • a
    • Czas powstania dzieła (NP)
    • 2001-
388 -Deskryptor - czas powstania dzieła (P) [2, ]
    • a
    • Czas powstania dzieła (NP)
    • 2001-
490 -Strefa serii i książki wielotomowej - forma nie do wyszukiwania [1, ]
    • a
    • Tytuł (P)
    • Classica, Find
    • x
    • ISSN (NP)
    • 2956-9702 ;
    • v
    • Numeracja (P)
    • 2
830 -Hasło dodatkowe serii i opisu książki wielotomowej - tytuł ujednolicony/tytuł [ ,0]
    • a
    • Tytuł ujednolicony/tytuł (NP)
    • Classica (Katowice)
    • x
    • ISSN
    • 2956-9702 ;
    • v
    • Oznaczenie tomu (NP)
    • 2
    • 9
    • KHW
    • 723259
500 -Uwaga ogólna [ , ]
    • a
    • Uwaga ogólna (NP)
    • W aneksie polski przekład poematu "Cynegetica".
504 -Uwaga dot. bibliogr. załącznikowej [ , ]
    • a
    • Uwaga dot. bibliografii załącznikowej
    • Bibliografia, netografia na stronach 125-137. Indeks.
546 -Uwaga dot. języka [ , ]
    • a
    • Uwaga dot. języka
    • W aneksie tekst źródłowy równolegle w języku łacińskim i w przekładzie polskim. Streszczenie w języku angielskim.
600 -Hasło przedmiotowe w formie nazwy osobowej [0,7]
    • a
    • Nazwa osobowa
    • Gracjusz Faliskus.
    • t
    • Tytuł
    • Cynegetica
    • 2
    • Źródło terminu
    • DBN
    • 9
    • KHW
    • 734825
648 -Hasło przedmiotowe - chronologia [ ,7]
    • a
    • Deskryptor chronologiczny
    • 100-1 p.n.e.
    • 2
    • Źródło terminu
    • DBN
    • 9
    • KHW
    • 722285
648 -Hasło przedmiotowe - chronologia [ ,7]
    • a
    • Deskryptor chronologiczny
    • 1-100
    • 2
    • Źródło terminu
    • DBN
    • 9
    • KHW
    • 722286
650 -Hasło przedmiotowe [ ,7]
    • a
    • Hasło przedmiotowe
    • Literatura łacińska
    • 2
    • Źródło terminu
    • DBN
    • 9
    • KHW
    • 723330
650 -Hasło przedmiotowe [ ,7]
    • a
    • Hasło przedmiotowe
    • Pies myśliwski
    • 2
    • Źródło terminu
    • DBN
    • 9
    • KHW
    • 734807
650 -Hasło przedmiotowe [ ,7]
    • a
    • Hasło przedmiotowe
    • Poemat dydaktyczny
    • 2
    • Źródło terminu
    • DBN
    • 9
    • KHW
    • 734821
650 -Hasło przedmiotowe [ ,7]
    • a
    • Hasło przedmiotowe
    • Polowanie
    • 2
    • Źródło terminu
    • DBN
    • 9
    • KHW
    • 734815
650 -Hasło przedmiotowe [ ,7]
    • a
    • Hasło przedmiotowe
    • Tematy i motywy
    • 2
    • Źródło terminu
    • DBN
    • 9
    • KHW
    • 721205
655 -Hasło w funkcji tematu formalnego [ ,7]
    • a
    • Hasło
    • Opracowanie
    • 2
    • Źródło terminu
    • DBN
    • 9
    • KHW
    • 721206
655 -Hasło w funkcji tematu formalnego [ ,7]
    • a
    • Hasło
    • Poemat dydaktyczny
    • 2
    • Źródło terminu
    • DBN
    • 9
    • KHW
    • 734820
658 -Ujęcie treści [ , ]
    • a
    • dziedzina nauki i sztuki/ sfera aktywności życiowej
    • Literaturoznawstwo
700 -Hasło dodatkowe - nazwa osobowa [0,2]
    • a
    • Nazwa osobowa (NP)
    • Gracjusz Faliskus. Find
    • t
    • Tytuł ujednolicony/tytuł (NP)
    • Cynegetica Find
    • l
    • Język tekstu (NP)
    • (łac.)
    • 9
    • KHW
    • 734772
710 -Hasło dodatkowe - nazwa ciała zbiorowego [2, ]
    • a
    • Nazwa ciała zbiorowego lub nazwa geograficzna jako pierwszy element (NP)
    • Uniwersytet Śląski (Katowice).
    • b
    • Nazwa jednostki podrzędnej (P)
    • Wydawnictwo.
    • e
    • Rodzaj współpracy
    • Wydawca
    • 4
    • Kod relacji
    • pbl
    • 9
    • KHW
    • 52826
920 -ISBN [ , ]
    • a
    • ISBN
    • 978-83-226-4542-0 (oprawa miękka) : zł 24,90 Find
Numer inwentarzowy Status udost. Data inwentaryzacji Lokalizacja
WM.29551-32025-11-26BG